| 000 | 01048nas a2200349 4500 | ||
|---|---|---|---|
| 001 | BR0403173 | ||
| 003 | BR-BrBNA | ||
| 005 | 20231205104626.0 | ||
| 007 | ta | ||
| 008 | 230509b bl.|||p| |||| 00| 00por d | ||
| 040 |
_aBR-BrBNA _bpor _cBiblioteca Nacional de Agricultura |
||
| 041 | _a(Pt) | ||
| 072 | _aQ02 | ||
| 100 | 1 | _aRibeiro, D.M. | |
| 100 | 1 | _aBorém, F.M. | |
| 100 | 1 | _aAndrade, E.T. de | |
| 100 | 1 | _aRosa, S.D.V.F. da | |
| 245 | 1 | _aTaxa de redução de água do café cereja descascado em função da temperatura da massa, fluxo de ar e período de pré-secagem | |
| 650 | _aCAFÉ | ||
| 650 | _aSECAGEM | ||
| 650 | _aÁGUA | ||
| 650 | _aREDUÇÃO | ||
| 650 | _aMODELO MATEMÁTICO | ||
| 650 | _aDESCASCAMENTO | ||
| 650 | _aMATÉRIA SECA | ||
| 650 | _aTEMPERATURA | ||
| 650 | _aAR | ||
| 650 | _aQUALIDADE | ||
| 773 | 0 |
_tRevista Brasileira de Armazenamento (Brazil) _xISSN 0100-3518 _g(Jul-Dec 2003), no. 7 (Especial Cafe) p. 94-107 _wBR0403173 |
|
| 909 |
_a202311 _bLúcia _c55 _dLúcia Elande |
||
| 942 |
_2AGRIS _n0 _cANA |
||
| 999 |
_c179013 _d179013 |
||